Famous People by Japanese Name - Statistics

General Stats
  • This quiz has been taken 34 times
  • The average score is 10 of 15
Answer Stats
Romanji Form Name % Correct
Borisu Jonson Boris Johnson
93%
Donarudo Toranpu Donald Trump
93%
Anorudo Shuwarutsenegga Arnold Schwarzenegger
90%
Furankurin D. Ruzuberuto Franklin D. Roosevelt
83%
Biru Geitsu Bill Gates
80%
Rafaeru Nadaru Rafael Nadal
80%
Iesu Kiristo Jesus Christ
77%
Tomu Kuruzu Tom Cruise
73%
Furanshisuko Furanko Francisco Franco
70%
Uoren Bafetto Warren Buffett
70%
Magaretto Satcha Margaret Thatcher
63%
Urajimiru Renin Vladimir Lenin
53%
Juriasu Shiza Julius Caesar
37%
Teira Suifuto Taylor Swift
37%
Jon Katin John Curtin
13%
No matching quizzes found
Score Distribution
Percent of People with Each Score
Percentile by Number Answered
Your Score History
You have not taken this quiz